| 000 | 00791nam a2200217Ia 4500 | ||
|---|---|---|---|
| 001 | 8840 | ||
| 003 | GE_BSU | ||
| 008 | 181216s||||||||xx |||||||||||||| ||und|| | ||
| 040 | _cGE_BSU | ||
| 080 | _a821.353.1–1 | ||
| 100 | _aკალაძე,კარლო | ||
| 245 | _aრჩეული ლექსები და პოემები ორ ტომად.ტ.2 | ||
| 245 | _bტ.2 | ||
| 245 | _cრედ.ალ.გომიაშვილი;მხატვ.ირ. ჯანაშვილი | ||
| 260 | _aთბილისი | ||
| 260 | _bსაბჭოთა საქართველო | ||
| 260 | _c1968 | ||
| 300 | _a446გვ.22სმ.1ფ.პორტრ. | ||
| 653 | _aრჩეული ლექსები და პოემები | ||
| 942 | _cBK | ||
| 999 |
_c42147 _d42147 |
||